000 00649nam a22001817a 4500
005 20251108165530.0
008 250721s1981 xx 000 0 ara d
082 1 4 _aم/915.661003/علي
100 1 _aالزهراني، علي بن صالح السلوك
245 1 0 _aالمعجم الجغرافي للبلاد العربية السعودية :
_bبلاد غامد و زهران /
264 1 _aالرياض :
_bدار اليمامة للبحث و الترجمة و النشر،
_c1981.
300 _a312ص
650 1 7 _aالسعودية
650 1 7 _aالجغرافيا
650 1 7 _aالقواميس
942 _2ddc
_cREF
999 _c30139
_d30139